000 00792nam a22002057a 4500
003 NALT
005 20210803104727.0
008 s2533 th tha d
040 _aNALT
041 _atha
050 _aJC273 ช65ร
100 0 _aชัยอนันต์ สมุทวณิช
245 1 0 _aรัฐกับสังคม : ไตรลักษณรัฐไทยในพหุสังคมสยาม
260 3 _aกรุงเทพฯ :
_bจุฬาลงกรณ์มหาวิทยาลัย,
_c2533
300 _a324 หน้า :
_b ภาพประกอบ, ตาราง
650 0 4 _aไทย -- การเมืองและการปกครอง
650 0 4 _aรัฐ
850 _aNALT
942 _cGB
_2lcc
999 _c40837
_d40837
998 _j109
_k อารีรัตน์ วิชาช่าง